Каждому дано право выбора; Томский политехник; Вып. 8

Xehetasun bibliografikoak
Parent link:Томский политехник: ежегодный журнал/ Томский политехнический университет (ТПУ), Ассоциация выпускников.— , 1995-
Вып. 8.— 2002.— [С. 82-84]
Egile nagusia: Кузнецова-Кудрявцева Н. Я. Надежда Яковлевна
Gaia:Заглавие с титульного листа
Электронная версия печатной публикации
Hizkuntza:errusiera
ingelesa
Argitaratua: 2002
Saila:Персоналии
Машиностроительный факультет
Gaiak:
Sarrera elektronikoa:Цветная версия без потери качества
Formatua: Baliabide elektronikoa Liburu kapitulua
KOHA link:https://koha.lib.tpu.ru/cgi-bin/koha/opac-detail.pl?biblionumber=198149

MARC

LEADER 00000nla2a2200000 4500
001 198149
005 20231031183758.0
035 |a (RuTPU)RU\TPU\book\216132 
035 |a RU\TPU\book\216131 
090 |a 198149 
100 |a 20110623d2002 km y0rusy50 ca 
101 0 |a rus  |a eng 
102 |a RU 
135 |a drnn ---uucaa 
181 0 |a i  
182 0 |a b 
200 1 |a Каждому дано право выбора  |b Электронный ресурс  |d About the time and myself  |f Н. Я. Кузнецова-Кудрявцева 
203 |a Текст  |c электронный 
215 |a 1 файл (6.2 Мб) 
225 1 |a Персоналии 
225 1 |a Машиностроительный факультет 
230 |a Электронные текстовые данные (1 файл : 6.2 Мб) 
300 |a Заглавие с титульного листа 
300 |a Электронная версия печатной публикации 
337 |a Adobe Reader 
461 1 |0 (RuTPU)RU\TPU\book\202435  |t Томский политехник  |o ежегодный журнал  |f Томский политехнический университет (ТПУ), Ассоциация выпускников  |d 1995- 
463 1 |0 (RuTPU)RU\TPU\book\215843  |t Вып. 8  |v [С. 82-84]  |d 2002  |p 180 с. 
510 1 |a About the time and myself  |z eng 
610 1 |a выпускники ТПУ 
610 1 |a политехники 
610 1 |a автобиографии 
610 1 |a персоналии 
610 1 |a электронный ресурс 
700 1 |a Кузнецова-Кудрявцева  |b Н. Я.  |g Надежда Яковлевна 
801 1 |a RU  |b 63413507  |c 20101101 
801 2 |a RU  |b 63413507  |c 20110825  |g RCR 
856 4 |u http://www.lib.tpu.ru/fulltext/v/Tomsk_polytechnic/2002/N8a23_full.pdf  |z Цветная версия без потери качества 
942 |c CF